NLSUI OPAC header image

Macrohistory : (Record no. 15664)

MARC details
000 -LEADER
fixed length control field 01855cam a2200313 a 4500
001 - CONTROL NUMBER
control field 2631056
003 - CONTROL NUMBER IDENTIFIER
control field OSt
005 - DATE AND TIME OF LATEST TRANSACTION
control field 20210412150605.0
008 - FIXED-LENGTH DATA ELEMENTS--GENERAL INFORMATION
fixed length control field 990426s1999 cau b 001 0 eng
010 ## - LIBRARY OF CONGRESS CONTROL NUMBER
LC control number 99031771
020 ## - INTERNATIONAL STANDARD BOOK NUMBER
International Standard Book Number 0804735239 (alk. paper)
020 ## - INTERNATIONAL STANDARD BOOK NUMBER
International Standard Book Number 0804736006 (paper : alk. paper)
040 ## - CATALOGING SOURCE
Original cataloging agency DLC
Transcribing agency DLC
Modifying agency DLC
050 00 - LIBRARY OF CONGRESS CALL NUMBER
Classification number D16.8
Item number .C5925 1999
082 00 - DEWEY DECIMAL CLASSIFICATION NUMBER
Classification number 301 COL
Edition number 21
100 1# - MAIN ENTRY--PERSONAL NAME
Personal name Collins, Randall,
Dates associated with a name 1941-
245 10 - TITLE STATEMENT
Title Macrohistory :
Remainder of title essays in sociology of the long run /
Statement of responsibility, etc. Randall Collins.
260 ## - PUBLICATION, DISTRIBUTION, ETC.
Place of publication, distribution, etc. Stanford, Calif. :
Name of publisher, distributor, etc. Stanford University Press,
Date of publication, distribution, etc. c1999.
300 ## - PHYSICAL DESCRIPTION
Extent 312 p. ;
Dimensions 24 cm.
504 ## - BIBLIOGRAPHY, ETC. NOTE
Bibliography, etc. note Includes bibliographical references (p. [291]-306) and index.
505 ## - FORMATTED CONTENTS NOTE
Formatted contents note Contents<br/>List of figures<br/>Introduction: the golden age of macrohistorical sociology<br/>1. Maturation of the state-cantered theory of revolution and ideology<br/>2. The geopolitical basis of revolution: the prediction of the Soviet collapse<br/>3. Balkanization’ or 'Americanization': a geopolitical theory of ethni<br/>Change<br/>4. Democratization from the outside in: a geopolitical theory of collegial power<br/>5. German-bashing and the theory of democratic modernization<br/>6. Market dynamics as the engine of historical change<br/>7. An Asian route to capitalism<br/>Appendices<br/>Notes<br/>Bibliography<br/>Index.<br/><br/>
650 #0 - SUBJECT ADDED ENTRY--TOPICAL TERM
Topical term or geographic name entry element History
General subdivision Philosophy.
650 #0 - SUBJECT ADDED ENTRY--TOPICAL TERM
Topical term or geographic name entry element History
General subdivision Methodology.
856 42 - ELECTRONIC LOCATION AND ACCESS
Materials specified Publisher description
Uniform Resource Identifier <a href="http://www.loc.gov/catdir/description/cam0210/99031771.html">http://www.loc.gov/catdir/description/cam0210/99031771.html</a>
856 41 - ELECTRONIC LOCATION AND ACCESS
Materials specified Table of contents
Uniform Resource Identifier <a href="http://www.loc.gov/catdir/toc/cam026/99031771.html">http://www.loc.gov/catdir/toc/cam026/99031771.html</a>
906 ## - LOCAL DATA ELEMENT F, LDF (RLIN)
a 7
b cbc
c orignew
d 1
e ocip
f 19
g y-gencatlg
942 ## - ADDED ENTRY ELEMENTS (KOHA)
Source of classification or shelving scheme Dewey Decimal Classification
Koha item type BOOKs
Holdings
Withdrawn status Lost status Damaged status Not for loan Home library Current library Shelving location Date acquired Cost, normal purchase price Total Checkouts Full call number Barcode Date last seen Price effective from Koha item type
        . . Library Compactors 30.05.2017 861.68   301 COL 15659 30.05.2017 30.05.2017 BOOKs